দণ্ডবিধির ভাষ্য / (Record no. 47217)
[ view plain ]
| 000 -LEADER | |
|---|---|
| fixed length control field | 00863nam a22002297a 4500 |
| 001 - CONTROL NUMBER | |
| control field | 47217 |
| 003 - CONTROL NUMBER IDENTIFIER | |
| rucl marc code | BD-RjUL |
| 005 - DATE AND TIME OF LATEST TRANSACTION | |
| control field | 20211209054258.0 |
| 008 - FIXED-LENGTH DATA ELEMENTS--GENERAL INFORMATION | |
| fixed length control field | 160807s1977 bg ||||| |||| 001 0 ben d |
| 035 ## - SYSTEM CONTROL NUMBER | |
| System control number | (BD-RjUL)47336 |
| 040 ## - CATALOGING SOURCE | |
| Original cataloging agency | BD-RjUL |
| Language of cataloging | ben |
| Transcribing agency | BD-RjUL |
| 041 ## - LANGUAGE CODE | |
| Language code of text/sound track or separate title | ben |
| 082 ## - DEWEY DECIMAL CLASSIFICATION NUMBER | |
| Edition number | 23 |
| Classification number | 345.5492 |
| Author mark and year | RAD 1977 |
| 100 1# - MAIN ENTRY--PERSONAL NAME | |
| Personal name | রহমান, গাজী শামছুর |
| 9 (RLIN) | 143766 |
| 245 10 - TITLE STATEMENT | |
| Title | দণ্ডবিধির ভাষ্য / |
| Statement of responsibility, etc. | গাজী শামছুর রহমান |
| 260 ## - PUBLICATION, DISTRIBUTION, ETC. (IMPRINT) | |
| Place of publication, distribution, etc. | ঢাকা : |
| Name of publisher, distributor, etc. | বাংলা একাডেমী, |
| Date of publication, distribution, etc. | ১৯৭৭. |
| 300 ## - PHYSICAL DESCRIPTION | |
| Pagination | [৩৭], ৮৮০ পৃ. ; |
| Size | ২৩ সেমি. |
| 505 ## - FORMATTED CONTENTS NOTE | |
| Formatted contents note | সংযুক্ত পরিশিষ্ট |
| 650 ## - SUBJECT ADDED ENTRY--TOPICAL TERM | |
| Topical term or geographic name as entry element | ফৌজদারি আইন--বাংলাদেশ |
| 9 (RLIN) | 143767 |
| Topical term or geographic name as entry element | Criminal law -- Bangladesh |
| 9 (RLIN) | 143768 |
| 942 ## - ADDED ENTRY ELEMENTS (KOHA) | |
| Source of classification or shelving scheme | Dewey Decimal Classification |
| Koha item type | Books |
| Lost status | Source of classification or shelving scheme | Damaged status | Not for loan | Collection code | Permanent Location | Current Location | Shelving location | Date acquired | Source of acquisition | Cost, normal purchase price | Total Checkouts | Full call number | Date last seen | Date checked out | Copy number | Koha item type |
|---|---|---|---|---|---|---|---|---|---|---|---|---|---|---|---|---|
| Dewey Decimal Classification | Non-fiction | Central Library, University of Rajshahi | Central Library, University of Rajshahi | 26/06/1978 | রাজশাহী ইউরেকা বুক এজেন্সী | 80.00 | 1 | 345.5492 RAD 1977 | 10/10/2022 | 20/09/2022 | C-2 | Books | ||||
| Dewey Decimal Classification | Not For Loan | Non-fiction | Central Library, University of Rajshahi | Central Library, University of Rajshahi | Reading Room | 28/08/1978 | Bangla Academi | 80.00 | 345.5492 RAD 1977 | 25/05/2022 | C-1 | Books | ||||
| Dewey Decimal Classification | Non-fiction | Central Library, University of Rajshahi | Central Library, University of Rajshahi | General Stacks | 24/08/1978 | Bangla Academi | 80.00 | B 345.5492 RAD 1977 | 26/05/2022 | C-3 | Books |